|
|
|
|
| LEADER |
04696nam a22004213i 4500 |
| 001 |
EBC6827699 |
| 003 |
MiAaPQ |
| 005 |
20231204023220.0 |
| 006 |
m o d | |
| 007 |
cr cnu|||||||| |
| 008 |
231204s2021 xx o ||||0 eng d |
| 020 |
|
|
|a 9783030842819
|q (electronic bk.)
|
| 020 |
|
|
|z 9783030842802
|
| 035 |
|
|
|a (MiAaPQ)EBC6827699
|
| 035 |
|
|
|a (Au-PeEL)EBL6827699
|
| 035 |
|
|
|a (OCoLC)1291317671
|
| 040 |
|
|
|a MiAaPQ
|b eng
|e rda
|e pn
|c MiAaPQ
|d MiAaPQ
|
| 050 |
|
4 |
|a D203.2-475
|
| 082 |
0 |
|
|a 363.35094
|
| 100 |
1 |
|
|a Cronqvist, Marie.
|
| 245 |
1 |
0 |
|a Cold War Civil Defence in Western Europe :
|b Sociotechnical Imaginaries of Survival and Preparedness.
|
| 250 |
|
|
|a 1st ed.
|
| 264 |
|
1 |
|a Cham :
|b Springer International Publishing AG,
|c 2021.
|
| 264 |
|
4 |
|c ©2022.
|
| 300 |
|
|
|a 1 online resource (259 pages)
|
| 336 |
|
|
|a text
|b txt
|2 rdacontent
|
| 337 |
|
|
|a computer
|b c
|2 rdamedia
|
| 338 |
|
|
|a online resource
|b cr
|2 rdacarrier
|
| 505 |
0 |
|
|a Cold War Civil Defence in Western Europe -- Preface -- Contents -- Notes on Contributors -- Abbreviations -- List of Figures -- 1 Introduction: New Paths in Civil Defence History -- Historiography, Trends and Aims -- Sociotechnical Imaginaries: Introducing and Exploring a Concept -- Applying and Adjusting the Concept -- Outline of the Book -- References -- 2 Order on Their Home Fronts: Imagining War and Social Control in 1950s NATO -- Sociotechnical Imaginaries and Concepts of War -- Imagining War and Civil Defence in 1950s NATO -- Bringing in Science -- Control -- Conclusion -- References -- 3 The Imagined Disastrous: West German Civil Defence Between War Preparation and Emergency Management 1950-1990 -- Disaster as Rhetoric, War as Reality: Early West German Civil Defence 1950-1968 -- From the Sensationalist to the Pragmatic: Later West German Civil Defence -- The Emergence of All-Hazards Disaster Medicine in West Germany 1956-1989 -- Conclusion -- References -- 4 Normalising Nuclear War: Narrative Scenarios, Imaginative Geographies and Sites of Leisure in 1950s Britain -- Civil Defence in the UK -- Historiography: Civil Defence and Sociotechnical Imaginaries -- 'Narrative Scenarios' of Nuclear Attack: Normalising Imaginary War -- Civic Engagement and Sites of Leisure -- Imaginative Geographies -- Conclusion -- References -- 5 Embedding Preparedness, Assigning Responsibility: The Role of Film in Sociotechnical Imaginaries of Civil Defence -- Sociotechnical imaginaries and visual history: Civil defence films as practices of embedding -- Early films (c. 1949-1954) -- Later films (c. 1954-1965) -- Conclusion -- References -- 6 'The World is Her Home': The Role of Women Volunteers in Dutch Civil Defence in the 1950s and 1960s -- Rise and Decline of the Bescherming Bevolking -- Dutch Women in the Cold War: Social Position, Ideals and Voluntary Work.
|
| 505 |
8 |
|
|a Women volunteers and the BB -- Conclusions -- References -- 7 Ruins of Resilience: Imaginaries and Materiality Imagineered and Embedded in Civil Defence Architecture -- Ruins and Catastrophe Imagineered -- Getting to Denmark -- Building the Perfect Ruins -- Performing and Taming Nuclear Catastrophe -- Conclusions -- References -- 8 Framing Civil Defence Critique: Swiss Physicians' Resistance to the Coordinated Medical Services in the 1980s -- Mobilising the Nation to Save the 'Swiss People' -- Practices of Resistance: Claiming That Individual Action Matters -- Civil Defence Critics: Between Public Enemies and Public Support -- Conclusion -- References -- 9 Remembering Desirable Futures? Civil Defence Memories and Everyday Life in Sweden and the UK -- Sociotechnical Imaginaries and Civil Defence Memories -- Civil Defence Memories in Sweden and the UK -- Localities -- Temporalities -- Mediations -- Conclusion -- References -- 10 Conclusion: Civil Defence Futures (Re)imagined -- Theoretical Reflections -- Common Themes and New Insights -- Preparedness Redux -- References -- Index.
|
| 588 |
|
|
|a Description based on publisher supplied metadata and other sources.
|
| 590 |
|
|
|a Electronic reproduction. Ann Arbor, Michigan : ProQuest Ebook Central, 2023. Available via World Wide Web. Access may be limited to ProQuest Ebook Central affiliated libraries.
|
| 655 |
|
4 |
|a Electronic books.
|
| 700 |
1 |
|
|a Farbøl, Rosanna.
|
| 700 |
1 |
|
|a Sylvest, Casper.
|
| 776 |
0 |
8 |
|i Print version:
|a Cronqvist, Marie
|t Cold War Civil Defence in Western Europe
|d Cham : Springer International Publishing AG,c2021
|z 9783030842802
|
| 797 |
2 |
|
|a ProQuest (Firm)
|
| 856 |
4 |
0 |
|u https://ebookcentral.proquest.com/lib/matrademy/detail.action?docID=6827699
|z Click to View
|